| 000 | 00000nam##2200000za#4500 |
| 001 | 9.663059 |
| 003 | CaOODSP |
| 005 | 20200401064522 |
| 007 | ta |
| 008 | 150407|2000||||xxc||||| f|0| 0 eng|d |
| 020 | |a0-662-65964-3 |
| 040 | |aCaOODSP|beng |
| 041 | |aeng |
| 041 | |afre |
| 043 | |an-cn--- |
| 086 | 1 |aE2-411/2000 |
| 110 | 1 |aCanada.|bForeign Affairs and International Trade. |bCanadian Centre for Foreign Policy Development. |
| 245 | 10|aCanada's commitment to world peace : |bCCFPD policy options paper / |cPrepared by The Group of 78. |
| 260 | |aOttawa - Ontario : |bForeign Affairs and International Trade. |c2000. |
| 300 | |a53p. : |breferences ; |c28 cm. |
| 563 | |aSoftcover |
| 590 | |a02-34|b2002-08-23 |
| 690 | 07|aArms control|2gcpds |
| 690 | 07|aConflict resolution|2gcpds |
| 690 | 07|aForeign policy|2gcpds |
| 690 | 07|aPeacekeeping|2gcpds |
| 776 | 0#|tL'engagement du Canada envers la paix mondiale : |w(CaOODSP)9.630725 |
| 776 | 0#|tCanada's commitment to world peace : |w(CaOODSP)9.686234 |
| 792 | |tL'engagement du Canada envers la paix mondiale : |efre|w(CaOODSP)9.663060 |
| 986 | |a6002.E |